Loading...
| Fine Arts - Classical Music | 4 | 7.50 | 75% | 0% | 0% |
| Fine Arts - Visual Fine Arts | 3 | 3.33 | 33% | 0% | 0% |
| Geography/Current Events | 2 | 25.00 | 100% | 100% | 50% |
| History - American History | 5 | 10.00 | 80% | 20% | 0% |
| History - European History | 3 | 16.67 | 100% | 67% | 0% |
| History - Other History | 5 | 12.00 | 100% | 0% | 20% |
| History - World History | 4 | 12.50 | 100% | 25% | 0% |
| Literature - American Literature | 2 | 10.00 | 100% | 0% | 0% |
| Literature - British Literature | 2 | 5.00 | 50% | 0% | 0% |
| Literature - European Literature | 1 | 10.00 | 100% | 0% | 0% |
| Literature - World/Other Literature | 3 | 10.00 | 100% | 0% | 0% |
| Mythology | 4 | 12.50 | 100% | 25% | 0% |
| Philosophy | 2 | 5.00 | 50% | 0% | 0% |
| Pop Culture | 1 | 20.00 | 100% | 100% | 0% |
| Religion | 3 | 10.00 | 67% | 33% | 0% |
| Science - Biology | 2 | 15.00 | 100% | 50% | 0% |
| Science - Chemistry | 4 | 12.50 | 100% | 25% | 0% |
| Science - Other Science | 2 | 10.00 | 100% | 0% | 0% |
| Science - Physics | 3 | 10.00 | 100% | 0% | 0% |
| Social Science | 2 | 10.00 | 50% | 50% | 0% |